| 000 | 00534 a2200181 4500 | ||
|---|---|---|---|
| 999 |
_c127 _d127 |
||
| 008 | 211129b ||||| |||| 00| 0 eng d | ||
| 020 | _a9789332534452 | ||
| 100 | _aBesterfield, Dale H. | ||
| 245 | _aTotal quality management | ||
| 250 | _a4th ed. | ||
| 260 |
_bPearson India Education Services Pvt. Ld. _aNoida _c2017 |
||
| 300 | _axxv, 495p. | ||
| 650 | 0 | _aTotal quality management | |
| 700 |
_93036 _aBesterfield, D. H. |
||
| 700 |
_95159 _aBesterfield-Michna, Carol |
||
| 700 |
_95160 _aBesterfield, Sacre Mary |
||
| 942 |
_2ddc _cBK |
||